Opravné položky, rezervy a tiché rezervy v účtovníctve podnikateľov diplomová práca
Uložené v:
| Hlavný autor: | |
|---|---|
| Korporativný autor: | |
| Ďalší autori: | |
| Médium: | Kniha |
| Jazyk: | Slovak |
| Vydavateľské údaje: |
Bratislava
2014
|
| Tagy: |
Žiadne tagy, Buďte prvý, kto otaguje tento záznam!
|
MARC
| LEADER | 00000nbm a2200000 4500 | ||
|---|---|---|---|
| 001 | 0188711 | ||
| 005 | 20170201105719.1 | ||
| 041 | 0 | |a slo | |
| 044 | |a SK | ||
| 245 | 1 | 0 | |a Opravné položky, rezervy a tiché rezervy v účtovníctve podnikateľov |b diplomová práca |c Kristína Benkovská ; školiteľ: Marek Szász |
| 264 | 1 | |a Bratislava |c 2014 | |
| 300 | |a 64 s. | ||
| 100 | 1 | |a Benkovská, Kristína | |
| 700 | 1 | |a Szász, Marek | |
| 710 | 2 | |a Fakulta hospodárskej informatiky EU. Katedra účtovníctva a audítorstva | |